1751 1523 1788 1873 1801 1385 1346 1698 1796 1539 1203 1129 1682 1255 1791 1775 1314 1279 2000 1708 1645 1758 1064 1174 1150 1858 1629 1562 1010 1708 1825 1343 1780 1240 1774 1579 1041 1411 1794 1966 1299 1298 1810 1237 1678 1622 1427 1641 1587 1987 1830 1780 1904 1978 1776 1641 1766 1002 1799 1395 1185 1981 1982 1820 1503 1929 1373 1204 1900 1973 1125 1751 1552 1466 1995 1829 1879 1792 1430 1428 1419 1265 1065 1067 1653 1641 1655 1670 1146 1558 1998 1319 1194 1736 1724 1557 1521 1934 1292 BCNSPRNW ULIB Ver.6.0+V

เปลี่ยนเป็นภาษาไทย

Change to English
 แสดงรายละเอียดบรรณานุกรม
  กลับหน้าหลัก

Brief Record : Get Marc (ISO 2709) : E-mail record : QR code < ปิดหน้าต่าง
LEADER : 00000nam a2200000 a 4500
001    13399115236
003     ULIB
008    060714s2006 us a b 001 0 eng d
020    ^a9780729537438
020    0729537439
060 04 ^aQZ4^bP38
100 0  Esther Chang
245 00 ^aPathophysiology Applied to Nursing Practice /^cEsther Chang,John Daly and Doug Elliott
250    ^a6th ed
260    ^aSt. Louis, Mo. :^bMosby Elsevier,^c2006
300    493 p. :^bill.
650  0 ^aPhysiology, Pathological
700 1  ^aJohn Daly
700 1  ^aDoug Elliott
945    ^p2^l0^i16530
995    ^aTossaporn
999 ^a ใช้งานได้ทุกระบบ
รายการนี้ยังไม่มีแท็ก
คุณยังไม่ได้ล็อกอิน คุณสามารถมีกิจกรรมร่วมกับเว็บไซต์ได้ แต่ต้องล็อกอินก่อน ::
  ล็อกอิน

รายการสื่อสารสนเทศ

ลำดับที่ ประเภท เลขเรียก/บาร์โค้ด สถานที่ สถานะ
- ไม่พบข้อมูล -

รายการใกล้เคียง
    ผู้แต่ง [Esther Chang]

    หัวเรื่อง [Physiology, Pathological]

BibComment


ยังไม่เคยถูกคอมเมนท์

คอมเมนท์ทรัพยากรรายการนี้
  คอมเมนท์: Pathophysiology ..


 Copyright 2026. Bcnsprnw @Library